000 00793nam a2200229 i 4500
001 92648
003 ES-MaACL
005 20240418091752.0
007 t|
008 050412s2004 sp ||||1| spa d
020 _a84-8102-353-1
080 _a821.134.2-82"19"
100 1 _aCiria y Escalante, José de,
_d1903-1924
_938887
245 1 0 _aObras /
_cJosé de Ciria y Escalante ; estudio preliminar: Francisco Javier Díez de Revenga.
260 _aSantander :
_bServicio de Publicaciones, Universidad de Cantabria,
_c2004.
300 _a141 p. ;
_c19 cm.
490 1 _aCantabria 4 estaciones ;
_v24
700 1 _aDíez de Revenga, Francisco Javier,
_d1946-
_944713
830 0 _aCantabria 4 estaciones ;
_v24
_9180649
852 _aES-MaACL
_jE-10947
_bR.135569
999 _c92648
_d92648